| Tag |
First Indicator |
Second Indicator |
Subfields |
| LEADER |
00000cam a2200000Ii 4500 |
| 001 |
in00003721221 |
| 005 |
20170926145916.0 |
| 008 |
160817s2016 txuab bt s000 0 eng d |
| 035 |
|
|
|a (OCoLC)ocn956780206
|
| 035 |
|
|
|a (OCoLC)956780206
|
| 040 |
|
|
|a IKM
|b eng
|e rda
|c IKM
|d OCLCF
|d TXA
|d UtOrBLW
|
| 043 |
|
|
|a n-us-tx
|
| 049 |
|
|
|a TXAM
|
| 086 |
|
|
|a H2000.7 P422 NO.7496
|2 txdocs
|
| 090 |
|
|
|a F392.W66
|b S48 2016
|
| 100 |
1 |
|
|a Shipp, Julie,
|e principal investigator,
|e author.
|0 http://id.loc.gov/authorities/names/no2008146604
|
| 245 |
1 |
0 |
|a Cultural resources survey for the Kensington detention and channel improvements, Williamson County, Texas /
|c principal investigator, Julie Shipp ; report authors, Julie Shipp, Stephanie Martin.
|
| 264 |
|
1 |
|a Austin, Tex. :
|b aci consulting,
|c [2016]
|
| 300 |
|
|
|a ii leaves, 16 pages :
|b color illustrations, color maps ;
|c 29 cm
|
| 336 |
|
|
|a text
|b txt
|2 rdacontent
|
| 337 |
|
|
|a unmediated
|b n
|2 rdamedia
|
| 338 |
|
|
|a volume
|b nc
|2 rdacarrier
|
| 500 |
|
|
|a Cover title.
|
| 500 |
|
|
|a "Texas Historical Commission, TAC permit # 7496."
|
| 500 |
|
|
|a "Submitted to: K. Friese and Associates ... on behalf of: City of Round Rock."
|
| 500 |
|
|
|a "Final report, May 2016."
|
| 500 |
|
|
|a "aci Project Number: 05-15-133."
|
| 504 |
|
|
|a Includes bibliographical references (page 16).
|
| 650 |
|
0 |
|a Archaeological surveying
|z Texas
|z Williamson County.
|
| 650 |
|
0 |
|a Excavations (Archaeology)
|z Texas
|z Williamson County.
|
| 651 |
|
0 |
|a Williamson County (Tex.)
|x Antiquities.
|
| 650 |
|
7 |
|a Antiquities.
|2 fast
|0 (OCoLC)fst00810745
|
| 650 |
|
7 |
|a Archaeological surveying.
|2 fast
|0 (OCoLC)fst00812919
|
| 650 |
|
7 |
|a Excavations (Archaeology)
|2 fast
|0 (OCoLC)fst00917564
|
| 651 |
|
7 |
|a Texas
|z Williamson County.
|2 fast
|0 (OCoLC)fst01214237
|
| 700 |
1 |
|
|a Martin, Stephanie,
|e author.
|0 http://id.loc.gov/authorities/names/n96118454
|
| 710 |
2 |
|
|a Texas Historical Commission.
|0 http://id.loc.gov/authorities/names/n79126358
|
| 710 |
2 |
|
|a aci consulting.
|0 http://id.loc.gov/authorities/names/no2014053405
|
| 994 |
|
|
|a C0
|b TXA
|
| 948 |
|
|
|a cataloged
|b h
|c 2016/10/17
|d c
|e jlanham
|f 12:31:14 pm
|
| 999 |
f |
f |
|s 238e163b-43fa-36e8-8e93-3e8f336bfa55
|i d83d0b90-4daa-307f-bbb5-2aef0f4af068
|t 0
|
| 952 |
f |
f |
|p normal
|a Texas A&M University
|b College Station
|c Sterling C. Evans Library
|d Evans: Library Stacks
|t 0
|e F392.W66 S48 2016
|h Library of Congress classification
|i unmediated -- volume
|m A14843682767
|
| 998 |
f |
f |
|a F392.W66 S48 2016
|t 0
|l Evans: Library Stacks
|